01133 a2200169 4500003000500000005001700005010001600022040000900038082001500047100002900062245008200091260004600173300002100219505066700240600002900907650002700936Nust20230131115015.0 aunk82053230 cNust a808.83,MAR aMarquand, John Phillips, aThe late George Apley: bA novel in the form of a memoir / cJohn P.Marquand, aBoston,bLittle, Brown, and companyc1937 avi, 354 pb22 cm aA Foreword and Apology (Page-3), The Family Background (Page-9), The Parents (Page-21), The Boyhood Scene (Page-28), Revealing Memorials (Page-59), Harvard Day (Page-68), Europe (Page-93), Law School (Page-105), Marriage (Page-119), Achievements (Page-131), Problems (Page-141), Portrait of A Gentleman (Page-180), Solitude (Page-204), Hard Again (Page-215), War Days (Page-221), The War Strikes Home (Page-234), William Paley (Page-248), A Parents Vigil (Page-258), A Son At the Front (Page-266), New Impacts (Page-286), The Turbulent Twenties (Page-299), Crisis (Page-312), Ring in the New (Page-324), Last Pilgrimage (Page-336), A House In Order (Page-347). aMarquand, John Phillips, aThe late George Apley,